header

Reading assessment (Record no. 52770)

MARC details
000 -LEADER
fixed length control field 03029nam a2200409 a 4500
082 04 - DEWEY DECIMAL CLASSIFICATION NUMBER
Classification number 372.48
100 1# - MAIN ENTRY--AUTHOR NAME
Personal name Farrall, Melissa Lee.
245 10 - TITLE STATEMENT
Title Reading assessment
260 ## - PUBLICATION, DISTRIBUTION, ETC. (IMPRINT)
Place of publication Hoboken, N.J. :
Name of publisher John Wiley and Sons, Inc.,
Year of publication 2012.
300 ## - PHYSICAL DESCRIPTION
Number of Pages ix, 394 p.
505 8# - FORMATTED CONTENTS NOTE
Formatted contents note Machine generated contents note: Acknowledgments Chapter 1: Introduction Chapter 2: Reading Theory and the Stages of Reading Acquisition Chapter 3: Oral Language Chapter 4: Linguistic and Cultural Diversity Chapter 5: Statistics and Test Development Chapter 6: Test Administration and Report Writing Chapter 7: Response to Intervention Chapter 8: The Role of Intellectual Assessment Chapter 9: Oral Language Assessment Chapter 10: Underlying Processes Chapter 11: Decoding and Fluency Chapter 12: Comprehension Chapter 13: Informal Inventories and Readability Chapter 14: Written Expression and Spelling Chapter 15: Last Words Appendix A: Answer Key Appendix B: Glossary References Index.
520 ## - SUMMARY, ETC.
Summary, etc "This accessible, friendly guide is the first of its kind to present a research-based, integrated review of reading, cognition, and oral language testing and assessment. The theoretical underpinnings of reading, language, and literacy are covered, as well as detailed information and administration tips on the myriad reading inventories that may be used in a reading psychoeducational assessment. Unique in its inclusion of instruction on crafting professional evaluation reports to illuminate a student's strengths and weaknesses, this inviting book will enable school psychologists, reading specialists, and learning disabilities specialists to conduct effective interdisciplinary remedial recommendations and interventions"--
650 #0 - SUBJECT ADDED ENTRY--TOPICAL TERM
Topical Term Reading
Topical Term Educational tests and measurements.
Topical Term Reading, Psychology of.
Topical Term Cognition in children.
856 40 - ELECTRONIC LOCATION AND ACCESS
Uniform Resource Identifier http://site.ebrary.com/lib/rucke/Doc?id=10630505
520 ## - SUMMARY, ETC.
-- Provided by publisher.
588 ## -
-- Description based on print version record and CIP data provided by publisher; resource not viewed.

No items available.

© 2026 Rongo University
Contact us: librarian | system librarian | Rongo university